| 000 | 00509nam a2200193Ia 4500 | ||
|---|---|---|---|
| 005 | 20240823023825.0 | ||
| 008 | 240823s9999||||xx |||||||||||||| ||und|| | ||
| 020 | _a81-203-0881-6 | ||
| 041 | _aENGLISH | ||
| 082 | _A628 P4 | ||
| 100 | _a"Masters,Gilbert M" | ||
| 245 | 0 | _aEnvironmental Engineering and Science | |
| 250 | _aIst | ||
| 260 |
_c2004 _b"Prentice Hall of India,New" |
||
| 500 | _aTRANSFERED | ||
| 650 |
_aEnvironmental Engineering and Science _bMechanical |
||
| 942 | _cBK | ||
| 999 |
_c182466 _d182466 |
||